000 01045nam a2200265 a 4500
999 _c428790
_d428790
003 BLK
005 20250730112742.0
008 210817b bul|||||r ||||||| ||bul||
020 _a9786190206859
040 _aBLK
041 _aBUL
_cBUL
080 _aЧилийска литература
_b821.134.2(83)
_x-31
_z821.134.2(83)-31
100 1 _aАлиенде, Исабел
_eпърви автор
_930822
139 _aАлиенде, Исабел
_bА 54
245 1 0 _aЕва Луна
_bРоман
_cИсабел Алиенде ; прев. от исп. Венцеслав Николов.
257 _aCHI
260 _aСофия
_bКолибри
_c2020
_f(София : Инвестпрес)
300 _a360 с.
_c21 см
380 _aX
500 _aОриг. загл. Eva Luna / Isabel Allende.
700 1 _aНиколов, Венцеслав Стефанов
_eпрев. от исп.
_9102598
852 _bП
_c821-31/А 54 И
942 _cKNG
_n0
_s1
_049
944 _aCR
_c2021-08-17
_k30531
_lЦветелина Шанова